000 02195nam0a2200349 4500
001 RU\NLR\BIBL_A\022070022
005 20260405122053.0
010 _a978-5-17-156042-3
_92000
021 _aRU
_b2023-53313
_9КН-П-5356
035 _a(RuMoRGB)012039926
035 _a(NLR Aleph) 022070022
090 _a12656298
_c12656298
100 _a20231110d2023 |||y0rusy50 ca
101 0 _aeng
102 _aRU
105 _ay z 000ay
181 0 _ai
_baxxe
182 0 _an
200 1 _aJane Eyre
_e[a novel]
_fCharlotte Brontë
203 _aТекст
_bвизуальный
_cнепосредственный
210 _aМосква
_cLingua
_cАСТ
_d2023
215 _a443, [2] с.
_d22
225 1 _aGreat books
330 _aВашему английскому приходится тяжело? Не настолько как несчастной сироте Джейн Эйр! "Джейн Эйр" - самый известный роман Шарлотты Бронте, по которому было снято множество экранизаций. В этом романе трагические события жизни самой Шарлотты сошлись вместе с её свободолюбивым и упрямым писательским гением. Вместе они создали уникальный для XIX в. голос - голос умной и независимой женщины, способной самой искать и добиваться своего счастья. А волшебное воображение Ш. Бронте наделило "Джейн Эйр"незабываемым готческим антуражем. Текст представлен без сокращений и адаптации. Наслаждайтесь дерзкой новизной романа Шарлотты Бронте в оригинале!
333 _a16+
675 _a821.111-31
_v4
686 1 _aШ6(4Вл)52-440.4{Лх1296.1-45}
700 1 _8eng
_7ba
_aBrontё
_bC.
_f1816-1855
_gCharlotte
_3RU\NLR\AUTH\7747988
_930923
942 _cBOOK
980 _aNB